000 00617nam a22001937a 4500
005 20150901145032.0
010 _aENG-113455
020 _c350.00
_a9789350353851
035 _aEN-96987
037 _bDBAD/PUB
082 _a174.30954
100 _aSaadiya Suleman
245 _aProfessional ethics & advertising by lawyers /
_cby Saadiya Suleman
260 _aDelhi
_bUniversal Law Publishing
_c2014
270 _aA-58, G.T. Karnal Road Industrial Area,
_bDelhi
_e110033
300 _axxiv,240p.
_c24cm(pbk)
500 _aIncludes bibliographical references
942 _2ddc
_cEN
_mSAA
_h174.30954
999 _c94871
_d94871